| 000 | 00749nam a2200229Ia 4500 | ||
|---|---|---|---|
| 999 |
_c54251 _d54251 |
||
| 001 | 21307 | ||
| 003 | GE_BSU | ||
| 005 | 20240213104810.0 | ||
| 008 | 181216s2015||||cc |||||||||||||| ||eng|| | ||
| 020 | _a9781491905012x | ||
| 040 | _cGE_BSU | ||
| 041 | _aeng | ||
| 080 | _a004.43 L-85 | ||
| 100 |
_aLockhart, Josh _912735 |
||
| 245 |
_aModern PHP : _bNew Features and Good Practices / _cJosh Lockhart; Editor Allyson MacDonald. |
||
| 264 |
_aBeijing : _bO'reilly, _c2015. |
||
| 300 |
_a246 p. ; _c23 cm. |
||
| 653 | _aИнформационные технологии | ||
| 653 | _aსაინფორმაციო ტექნოლოგიები | ||
| 700 |
_aMacDonald, Allyson _eრედაქტორი _912736 |
||
| 942 |
_cBK _2udc |
||